000 00726nam a22002057a 4500
999 _c12361
_d12361
003 AR-CdUCM
008 190408b ||||| |||| 00| 0 spa d
040 _aMUNICIPALIDAD PROVINCIAL DEL CUSCO
_cBIBLIOTECA MUNICIPAL DEL CUSCO
082 _a327 /
_bM54 /
100 _aMeneses, Romulo
_930185
245 _aNuestra unidad i otros panoramas :
_bcon grabados en madera, de Pablo Iturri Jurado (Ramón Katari) /
260 _aLa Paz :
_bEdit. Meridiano,
_c1929.
300 _a153 paginas :
_c19 cm.
505 _aContenido :Acerca de política y problemas latinoamericanos /
650 _aAmérica Latina
_91130
650 _aPolitica
_9291
650 _aGobierno
_92618
942 _2ddc
_cLIBROS
945 _arjall
_d2019-04-08